000 02357cam a2200289 4500500
005 20251228062031.0
041 _afre
042 _adc
100 1 0 _aGiannica, Davide
_eauthor
700 1 0 _aInticher Binkowski, Gabriel
_eauthor
245 0 0 _aPrise en charge des mineurs étrangers non accompagnés : impasses cliniques, politiques, éducatives et institutionnelles
260 _c2022.
500 _a53
520 _aLe travail avec les enfants et les adolescents issus de la migration oblige les professionnels à se confronter aux tensions qui émergent de la rencontre des différences culturelles. On peut ici, en tant que psychanalystes, les considérer comme des modulations des affiliations symboliques dans le contemporain.La situation clinique traitée par les auteurs de l’article révèle les impasses cliniques, éducatives et politiques dans les dispositifs d’accueil de mineurs étrangers non accompagnés en France. La question du retour au pays d’origine semble bouleverser les soignants, les éducateurs et les institutions, marquant l’apparition de l’archaïque, de fantasmes, de mécanismes de défense et de passages à l’acte institutionnels.
520 _aWorking with migrant children and adolescents brings the tensions that professionals face and which are the result of the encountered cultural differences. We, psychoanalysts, consider such tensions to be modulations of symbolic affiliations in the contemporary world.The clinical case presented by the authors discusses the clinical, political, and educational difficulties that the French institutions face while working with unaccompanied isolated minors. The topic of the return to one’s native country affects caregivers, educators, and institutions by causing archaic and fantasies defence mechanisms and making institutions act out.
690 _aéducation
690 _ainterculturel
690 _amigration de retour
690 _amineurs étrangers non accompagnés
690 _atransculturel
690 _aeducation
690 _areverse migration
690 _atranscultural psychology
690 _aunaccompanied foreign minors
786 0 _nPsychologie Clinique | 53 | 1 | 2022-04-26 | p. 136-147 | 1145-1882
856 4 1 _uhttps://shs.cairn.info/revue-psychologie-clinique-2022-1-page-136?lang=fr&redirect-ssocas=7080
999 _c1588190
_d1588190